[Event "WY GU16 2012"]
[Site "Maribor SLO"]
[Date "2012.11.12"]
[Round "6.8"]
[White "Burmistrova,Alena"]
[Black "Rodriguez Rueda,P"]
[Result "1/2-1/2"]
[WhiteElo "1749"]
[BlackElo "2220"]

1.e4 c5 2.Nf3 d6 3.Bb5+ Bd7 4.Bxd7+ Qxd7 5.O-O Nf6 6.Re1 Nc6 7.c3 e6 8.d4 cxd4
9.cxd4 d5 10.e5 Ne4 11.Nbd2 Nxd2 12.Bxd2 Be7 13.Rc1 O-O 14.Rc3 Rac8 15.a3 Qd8
16.h3 Qb6 17.Rb3 Qa6 18.Qb1 Rc7 19.Rd3 Rfc8 20.Nh2 Qa4 21.Bc3 b5 22.Ng4 b4
23.Rg3 Kh8 24.axb4 Nxb4 25.Qc1 Qc2 26.Qe3 Qf5 27.Qd2 Bg5 28.Ne3 Bxe3 29.Rexe3 Na2
30.Rgf3 Qg6 31.Rg3 Qf5 32.Rgf3 Qg6 33.Rg3 Qh6 34.Qc2 g6 35.Qb3 Nxc3 36.Rxc3 Qf8
37.Rxc7 Rxc7 38.Rc3 Qc8 39.Rxc7 Qxc7 40.Kf1 Kg7 41.Ke2 Qc1 42.Qb4 Qc2+ 43.Ke1 Qe4+
44.Kf1 Qd3+ 45.Ke1 a5 46.Qd2 Qe4+ 47.Kf1 Qb1+ 48.Ke2 Qe4+ 49.Kf1 Qb1+ 50.Ke2 Qe4+  1/2-1/2

[Event "WY BU18 2012"]
[Site "Maribor SLO"]
[Date "2012.11.12"]
[Round "6"]
[White "Bok,B"]
[Black "Sochacki,C"]
[Result "1/2-1/2"]
[WhiteElo "2537"]
[BlackElo "2402"]

1.e4 c5 2.Nf3 d6 3.Bb5+ Nd7 4.d4 cxd4 5.Qxd4 a6 6.Bxd7+ Bxd7 7.c4 Nf6 8.Nc3 g6
9.Bg5 Bg7 10.O-O O-O 11.Rfe1 h6 12.Bh4 g5 13.Bg3 Nh5 14.Qd3 b5 15.cxb5 axb5
16.a3 Be6 17.Nd4 Nxg3 18.hxg3 Bxd4 19.Qxd4 Rb8 20.Nd5 Qd7 21.Rad1 Bxd5 22.exd5 Rfc8
23.b3 Ra8 24.Ra1 Rc5 25.b4 Rc4 26.Qe3 Kf8 27.a4 Rxa4 28.Rxa4 bxa4 29.Qd3 Qg4
30.Qe3 Rc7 31.Qa3 Rb7 32.Qxa4 Qxb4 33.Qa8+ Kg7 34.Qa1+ Kg6 35.Qd1 Qc4 36.Re2 Kg7
37.Qa1+ f6 38.Qd1 Rc7 39.Re1 Qc3 40.Kh2 h5 41.Re4 Kg6 42.Qa4 Kf7 43.Qd1 g4
44.Re2 Rb7 45.Re3 Qc4 46.Re2 Ke8 47.Qd2 Rb1 48.Qe3 e5 49.dxe6 Qc1 50.Qxc1 Rxc1
51.e7 Rd1 52.Re6 f5 53.Rf6 Rd5 54.Re6 Rd2 55.Kg1 Rd1+ 56.Kh2 Rd2 57.Kg1 Rd4
58.Kf1 Rd1+ 59.Ke2 Rd5 60.Kf1 Rd1+ 61.Ke2  1/2-1/2

[Event "WY BU14 2012"]
[Site "Maribor SLO"]
[Date "2012.11.12"]
[Round "6.27"]
[White "Rudakov,A"]
[Black "Taylor,Adam C"]
[Result "1-0"]
[WhiteElo "2098"]
[BlackElo "1946"]

1.e4 c5 2.Nf3 d6 3.Bb5+ Bd7 4.Bxd7+ Qxd7 5.O-O Nc6 6.c3 Nf6 7.Re1 e6 8.d4 cxd4
9.cxd4 d5 10.e5 Ne4 11.Nbd2 Nxd2 12.Bxd2 Be7 13.Rc1 O-O 14.Rc3 f5 15.exf6 Bxf6
16.Rd3 Rae8 17.Bc3 b5 18.Qd2 a5 19.a3 Ra8 20.Qe3 b4 21.Bd2 Rfe8 22.Qf4 Rac8
23.Qg4 Qf7 24.h4 Rb8 25.h5 e5 26.dxe5 bxa3 27.bxa3 Nxe5 28.Nxe5 Rxe5 29.Rxe5 Bxe5
30.Bxa5 Qf6 31.Qd1 Rb2 32.Be1 Ra2 33.Rxd5 Qe6 34.Rd8+ Kf7 35.Qf3+ Bf6 36.Bb4  1-0

[Event "WY GU16 2012"]
[Site "Maribor SLO"]
[Date "2012.11.12"]
[Round "6.8"]
[White "Burmistrova,Alena"]
[Black "Rodriguez Rueda,P"]
[Result "1/2-1/2"]
[WhiteElo "1749"]
[BlackElo "2220"]

1.e4 c5 2.Nf3 d6 3.Bb5+ Bd7 4.Bxd7+ Qxd7 5.O-O Nf6 6.Re1 Nc6 7.c3 e6 8.d4 cxd4
9.cxd4 d5 10.e5 Ne4 11.Nbd2 Nxd2 12.Bxd2 Be7 13.Rc1 O-O 14.Rc3 Rac8 15.a3 Qd8
16.h3 Qb6 17.Rb3 Qa6 18.Qb1 Rc7 19.Rd3 Rfc8 20.Nh2 Qa4 21.Bc3 b5 22.Ng4 b4
23.Rg3 Kh8 24.axb4 Nxb4 25.Qc1 Qc2 26.Qe3 Qf5 27.Qd2 Bg5 28.Ne3 Bxe3 29.Rexe3 Na2
30.Rgf3  1/2-1/2

[Event "WY BU18 2012"]
[Site "Maribor SLO"]
[Date "2012.11.12"]
[Round "6.29"]
[White "Skouvaklis,A"]
[Black "Draskovic,L"]
[Result "1/2-1/2"]
[WhiteElo "2167"]
[BlackElo "2336"]

1.e4 c5 2.Nf3 d6 3.Bb5+ Bd7 4.Bxd7+ Qxd7 5.O-O Nc6 6.c3 Nf6 7.Qe2 e6 8.Rd1 Be7
9.d4 cxd4 10.Nxd4 O-O 11.Nd2 Rac8 12.N2f3 Rfd8 13.Nb5 a6 14.Na3 Qc7 15.Bf4 b5
16.c4 b4 17.Nc2 Nd7 18.b3 Nde5 19.Rac1 g6 20.Ncd4 Nxd4 21.Nxd4 Qb6 22.Nf3 Nd7
23.Rd2 Qc6 24.Nd4 Qb7 25.Nc2 Nf6 26.f3 d5 27.cxd5 exd5 28.e5 Nh5 29.Be3 Ng7
30.Rcd1 Ne6  1/2-1/2

[Event "15th Mukachevo Rating 2012"]
[Site "Mukachevo UKR"]
[Date "2012.11.12"]
[Round "8.4"]
[White "Oros,R"]
[Black "Doluhanova,E"]
[Result "1-0"]
[WhiteElo "2236"]
[BlackElo "2289"]

1.e4 c5 2.Nf3 d6 3.Bb5+ Nc6 4.Bxc6+ bxc6 5.O-O e5 6.c3 Nf6 7.Re1 Be7 8.d4 cxd4
9.cxd4 Qc7 10.dxe5 dxe5 11.b3 Bg4 12.h3 Rd8 13.Qe2 Bh5 14.Bb2 O-O 15.Na3 Bxa3
16.Bxa3 Rfe8 17.Bc5 Qa5 18.Qc4 Bxf3 19.gxf3 Nh5 20.Kh2 Nf4 21.Red1 Qc7 22.Be3 Ne6
23.Kg2 Rd6 24.Rxd6 Qxd6 25.Rc1 Rc8 26.b4 Nd4 27.Bxd4 exd4 28.Rd1 Rd8 29.Rd3 h6
30.a4 Qg6+ 31.Kf1 Qd6 32.Ke2 g5 33.a5 Kg7 34.a6 Kf6 35.Qc5 Qd7 36.f4 gxf4
37.Qh5 Kg7 38.Qe5+ Kf8 39.Qh8+ Ke7 40.Qxh6 Qe6 41.Qxf4 Qa2+ 42.Kf3 Qxa6 43.Qe5+ Kf8
44.Rxd4 Rxd4 45.Qh8+ Ke7 46.Qxd4 Qa3+ 47.Kg2 Qa2 48.h4 a6 49.Qc5+ Kd7 50.h5 f6
51.Qf5+ Ke7 52.Qh7+ Kd6 53.h6 Qd2 54.Qg6  1-0

[Event "CBX IM Salvador 2012"]
[Site "Salvador BRA"]
[Date "2012.11.12"]
[Round "8.1"]
[White "Andrade Fiaes,M"]
[Black "De Oliveira,Hebert Silva"]
[Result "1-0"]
[WhiteElo "2082"]
[BlackElo "2140"]

1.e4 c5 2.Nf3 d6 3.Bb5+ Bd7 4.Bxd7+ Qxd7 5.c4 g6 6.d4 cxd4 7.Nxd4 Bg7 8.Nc3 Nf6
9.Bg5 Nc6 10.Ndb5 O-O 11.O-O Ne5 12.b3 a6 13.Na3 Nc6 14.Rc1 Nb4 15.Qd2 Rfe8
16.Bxf6 Bxf6 17.Na4 Nc6 18.Nb6 Qg4 19.Nxa8 Rxa8 20.f3 Qh5 21.Nc2 Be5 22.f4 Bg7
23.Kh1 Qc5 24.Rcd1 Rf8 25.Rf3 Qh5 26.Rdf1 h6 27.b4 Rc8 28.Ne3 g5 29.Nf5 g4
30.Rg3 Bf6 31.b5 Nb8 32.Rxg4+ Kf8 33.Qe2  1-0

[Event "Brno Open 2012"]
[Site "Brno CZE"]
[Date "2012.11.13"]
[Round "4"]
[White "Stary,Vladimir"]
[Black "Snasel,Michal"]
[Result "1-0"]
[WhiteElo "1850"]
[BlackElo "1728"]

1.e4 c5 2.Nf3 d6 3.Bb5+ Nc6 4.c4 g6 5.Nc3 Bg7 6.d4 cxd4 7.Nxd4 Bd7 8.Be3 a6
9.Bxc6 bxc6 10.Rc1 c5 11.Nde2 Nf6 12.f3 O-O 13.O-O Rb8 14.b3 Qa5 15.Qd2 Bc6
16.Rfd1 Rfd8 17.Bh6 Qc7 18.Bxg7 Kxg7 19.Nd5 Bxd5 20.exd5 Rb4 21.Re1 Qd7 22.Rc3 Re8
23.Re3 Qc7 24.Ng3 a5 25.Qc3 Kg8 26.Ne4 Nxe4 27.Rxe4 a4 28.Qe3 Kg7 29.Rh4 Rh8
30.Qh6+ Kg8 31.Rhe4 Rb7 32.h4 axb3 33.axb3 f5 34.Re6 Kf7 35.h5 g5 36.Qxg5 Ke8
37.Qxf5 Kd8 38.Qf7 Qd7 39.Qg7 Qe8 40.Qa1 Rc7 41.Qa8+ Rc8 42.Qa5+ Rc7 43.Qb6 Kc8
44.Ra1 Kd7 45.Qb5+ Kd8 46.Ra8+ Rc8 47.Qb6+ Kd7 48.Ra7+  1-0

[Event "FSFMA Nov 2012"]
[Site "Budapest HUN"]
[Date "2012.11.13"]
[Round "10.2"]
[White "Juracsik,J"]
[Black "Szalanczy,E"]
[Result "1/2-1/2"]
[WhiteElo "2157"]
[BlackElo "2237"]

1.e4 c5 2.Nf3 d6 3.Bb5+ Nd7 4.a4 Nf6 5.Nc3 a6 6.Bc4 Ne5 7.Nxe5 dxe5 8.d3 Bg4
9.f3 Bd7 10.a5 e6 11.O-O Bd6 12.Bd2 Bc6 13.Qe2 Nd7 14.g3 g5 15.Be3 Rg8 16.Qf2 Rg6
17.Na4 Qxa5 18.b4 Qc7 19.Nxc5 Rc8 20.Nxd7 Qxd7 21.Qd2 Be7 22.Bb3 h5 23.Ra5 Qd6
24.Bc5 Qc7 25.Bxe7 Kxe7 26.Qc3 Bb5 27.Qxc7+ Rxc7 28.c4 Bd7 29.Kf2 f6 30.Ke3 h4
31.g4 Rg8 32.Rf2 Rd8 33.Ba4 Bc8 34.c5 Rd4 35.Rb2 Kd8 36.Ke2 Rf7 37.b5 axb5
38.Bxb5 Rc7 39.Bc4 Rc6 40.h3 Kc7 41.Rc2 Kb8 42.Rb2 Rd8 43.Rc2 Rd4 44.Rb2 Rd8
45.Rc2  1/2-1/2

[Event "Fujairah Masters 2012"]
[Site "Fujairah City UAE"]
[Date "2012.11.13"]
[Round "1.6"]
[White "Ni Hua"]
[Black "Debashis,D"]
[Result "0-1"]
[WhiteElo "2681"]
[BlackElo "2451"]

1.e4 c5 2.Nf3 d6 3.Bb5+ Nc6 4.O-O Bd7 5.Re1 Nf6 6.c3 a6 7.Ba4 b5 8.Bc2 e5
9.h3 Be7 10.d4 O-O 11.d5 Na5 12.b3 Qc7 13.Nbd2 g6 14.Nf1 Nh5 15.Bh6 Ng7 16.N3h2 Nb7
17.Qd2 f6 18.h4 Nd8 19.h5 Nf7 20.Bxg7 Kxg7 21.Re3 c4 22.bxc4 Qxc4 23.Rg3 Ng5
24.Ne3 Qc5 25.Nf3 Rac8 26.Nh4 Rc7 27.Rf1 Kf7 28.Nd1 b4 29.Kh2 bxc3 30.Rxc3 Qa5
31.f4 exf4 32.hxg6+ hxg6 33.Qxf4 Rxc3 34.Qxg5 Rg8 35.e5 Rxc2 36.e6+ Ke8 37.exd7+ Kd8
38.Qg3 Rh8 39.Kg1 Qc5+ 40.Nf2 Rc1  0-1

[Event "FIDE WCh Women World Cup"]
[Site "Khanty-Mansiysk RUS"]
[Date "2012.11.13"]
[Round "1.4"]
[White "Pourkashiyan,A"]
[Black "Ju Wenjun"]
[Result "1/2-1/2"]
[WhiteElo "2321"]
[BlackElo "2501"]

1.e4 c5 2.Nf3 d6 3.Bb5+ Nd7 4.O-O Nf6 5.Re1 a6 6.Bf1 b5 7.d4 cxd4 8.Nxd4 Bb7
9.Nc3 e6 10.a3 Be7 11.f3 O-O 12.Kh1 Qc7 13.Bf4 Rfd8 14.Qd2 Rac8 15.Rad1 Ne5
16.Qf2 Nc4 17.Bxc4 Qxc4 18.e5 dxe5 19.Bxe5 Nd7 20.Bg3 Bf6 21.Ne4 Bxe4 22.fxe4 Ne5
23.Bxe5 Bxe5 24.c3 h6 25.Rf1 Qc7 26.Nf3 Bf6 27.Qe2 Rxd1 28.Rxd1 Rd8 29.g3 Rxd1+
30.Qxd1 Qc4 31.e5 Be7 32.Kg2 Bc5 33.h4 Qe4 34.Qe1 Be3 35.Qd1 Kh7 36.Kh2 Bb6
37.Kg2 Kg8 38.Qe1 Be3 39.Qd1 Kh7 40.Kh2 Bb6 41.Kg2 g6 42.Qe1 Be3 43.Qe2 Kg7
44.Kh2 g5 45.hxg5 hxg5 46.Qd1 g4 47.Nh4 Bg5 48.Ng2 Qh7+ 49.Kg1 Qf5 50.Qe2 Qb1+
51.Kh2 Qh7+ 52.Kg1 Qf5 53.Ne1 Bd8 54.Nd3 Bc7 55.Kg2 Bb8 56.Kg1 Bc7 57.Kg2 Bb8
58.Kg1 Bc7 59.Kg2 Bb8  1/2-1/2

[Event "16th Zenica Masters 2012"]
[Site "Zenica BIH"]
[Date "2012.11.13"]
[Round "3.1"]
[White "Muratovic,En"]
[Black "Martinovic,Sl"]
[Result "0-1"]
[WhiteElo "2311"]
[BlackElo "2430"]

1.e4 c5 2.Nf3 d6 3.Bb5+ Bd7 4.Bxd7+ Nxd7 5.d4 cxd4 6.Qxd4 Ngf6 7.O-O e5 8.Qe3 Qc7
9.Nc3 Be7 10.b3 O-O 11.Bb2 a6 12.Rac1 b5 13.a3 Qb7 14.h3 Rac8 15.Rfe1 Rc7
16.g4 Nb6 17.Nb1 Rfc8 18.Re2 Nfd7 19.Ne1 d5 20.Nd3 f6 21.c3 Nc5 22.Nxc5 Bxc5
23.Qf3 dxe4 24.Rxe4 Rd8 25.Rce1 Rf7 26.Bc1 Qd5 27.b4 Bf8 28.Nd2 Rc8 29.R1e3 Rd8
30.Qe2 Qa2 31.Qe1 Nd5 32.Rd3 Qc2 33.Qf1 Rfd7 34.c4 Nf4 35.Rxd7 Rxd7 36.Re3 Nd3
37.cxb5 axb5 38.Ne4  0-1

[Event "WY BU14 2012"]
[Site "Maribor SLO"]
[Date "2012.11.14"]
[Round "7.16"]
[White "Plenca,Jadranko"]
[Black "Gajek,R"]
[Result "0-1"]
[WhiteElo "2072"]
[BlackElo "2250"]

1.e4 c5 2.Nf3 d6 3.Bb5+ Bd7 4.Bxd7+ Qxd7 5.c4 Nf6 6.Nc3 Nc6 7.d4 cxd4 8.Nxd4 g6
9.h3 Bg7 10.Be3 O-O 11.O-O Rfc8 12.b3 Qd8 13.Rc1 Qa5 14.Qf3 a6 15.a4 Qb4
16.Na2 Nxd4 17.Nxb4 Nxf3+ 18.gxf3 Kf8 19.Rfd1 Nd7 20.Kg2 Ke8 21.a5 e6 22.Bf4 Nc5
23.Rb1 Be5 24.Bxe5 dxe5 25.Nd3 Nxd3 26.Rxd3 Rd8 27.Rbd1 Rxd3 28.Rxd3 Ke7
29.b4 Rc8 30.c5 Rd8 31.Rxd8 Kxd8 32.Kf1 Kd7 33.Ke2 Kc6 34.Kd3 Kb5 35.Kc3 g5
36.Kb3 h5 37.Kc3 h4  0-1

[Event "WY GU16 2012"]
[Site "Maribor SLO"]
[Date "2012.11.14"]
[Round "7.23"]
[White "Blagojevic,Tijana"]
[Black "Cazacu,G"]
[Result "0-1"]
[WhiteElo "2090"]
[BlackElo "1804"]

1.e4 c5 2.Nf3 d6 3.Bb5+ Nc6 4.Bxc6+ bxc6 5.O-O e5 6.c3 Nf6 7.Re1 Be7 8.d4 cxd4
9.cxd4 Qc7 10.Nbd2 Bg4 11.h3 Bh5 12.Qc2 O-O 13.dxe5 dxe5 14.Nh4 Rfd8 15.b3 Bb4
16.a3 Ba5 17.b4 Bb6 18.Nb3 a5 19.Bg5 Qd6 20.Nf5 Qe6 21.bxa5 Ba7 22.Bxf6 Qxf6
23.Qxc6 Qxc6 24.Ne7+ Kf8 25.Nxc6 Rd3 26.Reb1 f6 27.Nxa7 Rxa7 28.Nc5 Rc3 29.Rb8+ Kf7
30.Rb7+ Rxb7 31.Nxb7 Be2 32.a4 Ke7 33.Rb1 Rc4 34.Ra1 Rc7 35.Rb1 Ba6 36.Rb6 Bxb7
37.f3 Bc6 38.a6 Kd7 39.a5 Ra7 40.Rb8 Rxa6 41.Rg8 g6 42.Rg7+ Ke6 43.Rxh7 Rxa5
44.Rg7 g5 45.h4 gxh4 46.Rh7 Ra1+ 47.Kh2 Ra2 48.Rxh4 Bb5 49.Rg4 Be2 50.Kh3  0-1

[Event "WY GU16 2012"]
[Site "Maribor SLO"]
[Date "2012.11.14"]
[Round "7.8"]
[White "Paredes Bustamante,Paula"]
[Black "Tantsiura,M"]
[Result "0-1"]
[WhiteElo "1946"]
[BlackElo "2189"]

1.e4 c5 2.Nf3 d6 3.Bb5+ Bd7 4.Bxd7+ Qxd7 5.O-O g6 6.c3 Bg7 7.d4 cxd4 8.cxd4 Nf6
9.Nc3 O-O 10.Re1 Nc6 11.Bg5 h6 12.Bxf6 Bxf6 13.Qa4 Rfc8 14.Rad1 Qd8 15.e5 Bg7
16.exd6 Qxd6 17.Ne5 a6 18.Qb3 Rf8 19.Qxb7 Nxd4 20.Qd5 Nf5 21.Qe4 Qe6 22.Nc6 Qxe4
23.Rxe4 e6 24.g4 Nh4 25.Na4 a5 26.f4 Rfe8 27.Kf2 Rac8 28.Rc4 Ra8 29.a3 e5
30.fxe5 Bxe5 31.Nb6 Ra6 32.Nxe5 Rxb6 33.Nd3 g5 34.Rc2 Rd6 35.b3 Red8 36.Ke2 Rd4
37.Nf2 Re8+ 38.Kf1 Rf4 39.Re2 Rxe2 40.Kxe2 Nf3 41.Rd3 Nxh2 42.Rh3 Nxg4 43.Nxg4 Rxg4
44.Rxh6 a4 45.Rb6 axb3 46.Rxb3 Ra4 47.Kf2 Kg7 48.Kg2 Kg6 49.Kf3 g4+ 50.Kg3 f5
51.Kh4 Ra6 52.Rc3 Kf6 53.Rb3 Rd6 54.a4 Rd1 55.Rb5 Rh1+ 56.Kg3 Rh3+ 57.Kg2 Ra3
58.a5 f4 59.Rc5 Ra2+ 60.Kf1  0-1

[Event "WY GU18 2012"]
[Site "Maribor SLO"]
[Date "2012.11.14"]
[Round "7.7"]
[White "Narva,T"]
[Black "Schut,L"]
[Result "0-1"]
[WhiteElo "2065"]
[BlackElo "2281"]

1.e4 c5 2.Nf3 d6 3.Bb5+ Nd7 4.d4 cxd4 5.Qxd4 a6 6.Bxd7+ Bxd7 7.Bg5 h6 8.Bh4 Rc8
9.Nc3 e5 10.Qd3 g5 11.Bg3 Be6 12.Nd2 Nf6 13.h4 g4 14.h5 Qb6 15.O-O-O Be7
16.f4 gxf3 17.gxf3 Rg8 18.Bh4 Qd4 19.Qe2 Rxc3 20.bxc3 Qxc3 21.Nb1 Qc6 22.Qd2 Bxa2
23.Qa5 Be6 24.Rhg1 Rxg1 25.Rxg1 Kd7 26.Qc3 Qb6 27.Rh1 Nxh5 28.Bxe7 Nf4 29.Qd2 Kxe7
30.Rxh6 Qg1+ 31.Kb2 Qb6+ 32.Kc1 Qb5 33.Rh2 Qf1+ 34.Qd1 Qc4 35.Rd2 b5 36.Qe1 b4
37.Qh4+ Kd7 38.Qe1 a5 39.Qd1 Ke7 40.Kb2 a4 41.c3 bxc3+ 42.Nxc3 a3+  0-1

[Event "WY BU14 2012"]
[Site "Maribor SLO"]
[Date "2012.11.15"]
[Round "8.41"]
[White "Cori Quispe,Kevin"]
[Black "Dodu,Iulian Laurentiu"]
[Result "1-0"]
[WhiteElo "2073"]
[BlackElo "1843"]

1.e4 c5 2.Nf3 d6 3.Bb5+ Bd7 4.Bxd7+ Qxd7 5.c4 Nf6 6.Nc3 g6 7.O-O Bg7 8.d4 cxd4
9.Nxd4 O-O 10.h3 Rc8 11.b3 d5 12.e5 Ne8 13.Nxd5 e6 14.Nb4 Bxe5 15.Be3 Rd8
16.Qf3 a5 17.Nbc2 Nc6 18.Rad1 Nxd4 19.Nxd4 Qe7 20.Nb5 Rxd1 21.Rxd1 Nc7 22.Qxb7 Rd8
23.Qf3 Nxb5 24.cxb5 Rb8 25.b6 Rb7 26.Qc6 Kg7 27.Bc5  1-0

[Event "WY BU16 2012"]
[Site "Maribor SLO"]
[Date "2012.11.15"]
[Round "8.37"]
[White "Saraci,Nderim"]
[Black "Lekic,L"]
[Result "1-0"]
[WhiteElo "1760"]
[BlackElo "2062"]

1.e4 c5 2.Nf3 d6 3.Bb5+ Nc6 4.Bxc6+ bxc6 5.c4 Bg4 6.h3 Bxf3 7.Qxf3 Nf6 8.e5 dxe5
9.Qxc6+ Nd7 10.O-O Rc8 11.Qa4 Qb6 12.d3 g6 13.Nc3 Qc6 14.Qc2 Bg7 15.b3 O-O
16.Bb2 Rfd8 17.Rae1 h6 18.Na4 Qd6 19.Bc3 Nb8 20.Qb2 Nc6 21.f4 Nd4 22.Bxd4 exd4
23.Qd2 Re8 24.f5 gxf5 25.Rxf5 e6 26.Rh5 e5 27.Re4 Re6 28.Qf2 Rg6 29.Qf3 Re8
30.Rf5 f6 31.Rg4  1-0

[Event "WY BU18 2012"]
[Site "Maribor SLO"]
[Date "2012.11.15"]
[Round "8.20"]
[White "Krzyzanowski,M"]
[Black "Abhilash,R"]
[Result "1-0"]
[WhiteElo "2357"]
[BlackElo "2269"]

1.e4 c5 2.Nf3 d6 3.Bb5+ Nd7 4.d4 Nf6 5.Nc3 a6 6.Bxd7+ Nxd7 7.a4 e6 8.O-O Be7
9.dxc5 Nxc5 10.Bf4 Qc7 11.Qd2 Nd7 12.Bg5 f6 13.Be3 Ne5 14.Nxe5 dxe5 15.a5 Qd7
16.Qe2 Bb4 17.Na4 Bxa5 18.Bb6 Bb4 19.Rfd1 Bd6 20.Bc5 Qb5 21.c4 Qxc5 22.Nxc5 Bxc5
23.Qh5+ Ke7 24.Ra5 Bb6 25.Ra3 Bc5 26.Rg3 g6 27.Rxg6 hxg6 28.Qxh8 Bd4 29.c5  1-0

[Event "WY BU18 2012"]
[Site "Maribor SLO"]
[Date "2012.11.15"]
[Round "8.22"]
[White "Bernotas,A"]
[Black "Draskovic,L"]
[Result "0-1"]
[WhiteElo "2261"]
[BlackElo "2336"]

1.e4 c5 2.Nf3 d6 3.Bb5+ Bd7 4.Bxd7+ Qxd7 5.O-O Nf6 6.e5 dxe5 7.Nxe5 Qc8 8.Qf3 e6
9.Nc3 Be7 10.d3 O-O 11.Re1 Nfd7 12.Nc4 Nc6 13.Ne4 Nd4 14.Qd1 b5 15.Ncd2 f5
16.Nc3 Qc6 17.Nf3 Bf6 18.a3 Rac8 19.Bf4 b4 20.axb4 Nxf3+ 21.Qxf3 cxb4 22.Qxc6 Rxc6
23.Nd1 a6 24.Bd2 Rb8 25.c3 Nc5 26.Re2 Nxd3 27.cxb4 Nxb4 28.Bxb4 Rxb4 29.Kf1 Kf7
30.g3 g5 31.h3 Bd4 32.Kg2 Kf6 33.Ra3 h5 34.Rd2 Rcb6 35.Ra5 Rc6 36.Ra3 Be5
37.Re3 h4 38.Rde2 Bd4 39.Rd3 hxg3 40.Rxg3 Rcb6 41.Ra3 f4 42.Rd2 Kf5 43.Ra5+ Kf6
44.Nc3 Kg6 45.Kf3 Bf6 46.Ne4 Rb3+ 47.Kg4 R3b4 48.Kf3 e5 49.Rad5 Kf5 50.Nd6+ Ke6
51.Kg4 Rxb2 52.Ne4 Rxd2 53.Rxd2 Be7 54.Ra2 Kd5  0-1

[Event "WY BU18 2012"]
[Site "Maribor SLO"]
[Date "2012.11.15"]
[Round "8.41"]
[White "Skouvaklis,A"]
[Black "Draskovic,Da"]
[Result "1-0"]
[WhiteElo "2167"]
[BlackElo "1852"]

1.e4 c5 2.Nf3 d6 3.Bb5+ Bd7 4.Bxd7+ Qxd7 5.c4 Nf6 6.Nc3 g6 7.d4 cxd4 8.Nxd4 Bg7
9.O-O O-O 10.h3 Rc8 11.b3 d5 12.e5 Ne8 13.Nxd5 Bxe5 14.Re1 f6 15.Ba3 Kf7
16.Rxe5 fxe5 17.Qf3+ Kg7 18.Bxe7 exd4 19.Qf8+  1-0

[Event "Fujairah Masters 2012"]
[Site "Fujairah City UAE"]
[Date "2012.11.16"]
[Round "4.5"]
[White "Guseinov,G"]
[Black "Le Quang Liem"]
[Result "1/2-1/2"]
[WhiteElo "2621"]
[BlackElo "2705"]

1.e4 c5 2.Nf3 d6 3.Bb5+ Nc6 4.O-O Bd7 5.Re1 Nf6 6.c3 g6 7.d4 Bg7 8.d5 Ne5
9.Bxd7+ Nfxd7 10.Nxe5 Nxe5 11.Bf4 O-O 12.Qe2 Qd7 13.a4 e6 14.Bxe5 Bxe5 15.Nd2 exd5
16.exd5 a6 17.Nc4 Rae8 18.Qd3 Bg7 19.a5 Re7 20.Rxe7 Qxe7 21.Qe3 Qxe3 22.fxe3 Rd8
23.g4 Bf6 24.Kg2 Kf8 25.Ra3 Rd7 26.Rb3 Bd8 27.Kf3 Bh4 28.e4 f6 29.Nb6 Rc7
30.Nc4 Ke7 31.h3 Rd7 32.Rb6 Bg5 33.Kg3 Bc1 34.h4 h6 35.Kf3 g5 36.hxg5 hxg5
37.e5 fxe5 38.Ke4 Bf4 39.Kf5 Bc1 40.Ke4  1/2-1/2

[Event "Fujairah Masters 2012"]
[Site "Fujairah City UAE"]
[Date "2012.11.16"]
[Round "4.17"]
[White "Sandipan,C"]
[Black "Udeshi,A"]
[Result "1-0"]
[WhiteElo "2596"]
[BlackElo "2368"]

1.e4 c5 2.Nf3 d6 3.Bb5+ Nd7 4.d4 Nf6 5.O-O cxd4 6.Qxd4 e5 7.Qd3 Be7 8.Bxd7+ Qxd7
9.Bg5 Nh5 10.Bxe7 Kxe7 11.Qa3 f6 12.Nc3 Nf4 13.Rad1 Rd8 14.g3 Qh3 15.Ne1 Qg4
16.f3 Qg6 17.Kh1 Nh3 18.Nd5+ Kf7 19.Nc7 Be6 20.Nxa8 Bc4 21.Nd3 Rxa8 22.Qxd6 Kg8
23.Qd7 Ng5 24.Qxb7 Re8 25.Qxa7 Nxe4 26.fxe4 Qxe4+ 27.Kg1 Bd5 28.Kf2 Rc8 29.Rd2 h5
30.Qe3 Qf5+ 31.Kg1 Qe6 32.Nf4 exf4 33.Qxe6+ Bxe6 34.Rxf4  1-0

[Event "Fujairah Masters 2012"]
[Site "Fujairah City UAE"]
[Date "2012.11.16"]
[Round "4.18"]
[White "Zeng,C"]
[Black "Solodovnichenko,Y"]
[Result "1-0"]
[WhiteElo "2474"]
[BlackElo "2573"]

1.e4 c5 2.Nf3 d6 3.Bb5+ Nd7 4.d4 Nf6 5.O-O a6 6.Bxd7+ Nxd7 7.Nc3 cxd4 8.Qxd4 e6
9.Rd1 f6 10.b3 Qc7 11.Ba3 Kf7 12.Ne2 Nc5 13.c4 Be7 14.Nc3 Re8 15.Qe3 Bf8
16.Rd2 Kg8 17.h4 b6 18.Rad1 Bb7 19.Qf4 Rac8 20.Re1 Qf7 21.Re3 Qh5 22.Bxc5 Qxc5
23.Qg4 b5 24.Nd4 h5 25.Qh3 bxc4 26.Nxe6 Qe5 27.Nxf8 Kxf8 28.b4 Rcd8 29.Qf3 Kg8
30.Qe2 Rc8 31.Qd1 Red8 32.a3 Kh7 33.Qf3 Kg8 34.Qg3 Bc6 35.Qf3 Bb7 36.g3 Re8
37.Qd1 Red8 38.f4 Qe6 39.Kf2 g6 40.Qf3 Kf7 41.f5 Qe5 42.fxg6+ Kxg6 43.Qf5+ Qxf5+
44.exf5+ Kxf5 45.Re7 Ba8 46.Rd4 d5 47.g4+ hxg4 48.Ne2 Rh8 49.Ng3+ Kg6 50.Rxg4+ Kh6
51.Reg7  1-0

[Event "22nd World Seniors Open"]
[Site "Kamena Vourla GRE"]
[Date "2012.11.16"]
[Round "4.13"]
[White "Dogantug,I"]
[Black "Filipenko,A"]
[Result "0-1"]
[WhiteElo "2138"]
[BlackElo "2321"]

1.e4 c5 2.Nf3 d6 3.Bb5+ Nc6 4.Bxc6+ bxc6 5.O-O Bg4 6.h3 Bh5 7.Re1 e6 8.d3 Nf6
9.Nbd2 Nd7 10.Nf1 Be7 11.Ng3 Bg6 12.b3 O-O 13.Bb2 f6 14.c4 Re8 15.d4 Bf8
16.d5 cxd5 17.cxd5 e5 18.Nd2 Nb6 19.Rc1 Re7 20.Qf3 Rb7 21.Ngf1 a5 22.Bc3 a4
23.Ne3 axb3 24.axb3 Ra2 25.Ra1 Rba7 26.Rxa2 Rxa2 27.Ra1 Rxa1+ 28.Bxa1 Qa8
29.Bc3 Qa6 30.Nec4 Nxc4 31.bxc4 Qa4 32.Qd3 Qd1+ 33.Kh2 Be8 34.Qb1 Qxb1 35.Nxb1 Ba4
36.f3 g6 37.Bd2 Bc2 38.Na3 Bd3 39.Kg1 f5 40.exf5 gxf5 41.Kf2 f4 42.Ba5 Kf7
43.Bd8 Ke8 44.Ba5 Be7 45.Kg1 Bh4 46.Bd2 Bg3 47.Ba5 Kd7 48.Bc3 e4 49.fxe4 Bxe4
50.Bg7 Ke7 51.Nb5 Bd3 52.Nxd6 f3 53.Nc8+ Kf7 54.gxf3 Kxg7 55.Nb6 Bc7 56.Na4 Bxc4
57.Kg2 Bd6 58.Nc3 Kf6 59.f4  0-1

[Event "WY BU14 2012"]
[Site "Maribor SLO"]
[Date "2012.11.16"]
[Round "9.16"]
[White "Santos Ruiz,Miguel"]
[Black "Donchenko,Alexa"]
[Result "0-1"]
[WhiteElo "2082"]
[BlackElo "2409"]

1.e4 c5 2.Nf3 d6 3.Bb5+ Bd7 4.Bxd7+ Nxd7 5.O-O Ngf6 6.Qe2 e6 7.d4 cxd4 8.Nxd4 Be7
9.c4 a6 10.Nc3 Rc8 11.Be3 Ne5 12.b3 b5 13.f4 Neg4 14.e5 dxe5 15.fxe5 Nxe5
16.Rad1 Ned7 17.cxb5 Rxc3 18.Nc6 Qc7 19.Nxe7 Kxe7 20.Bd2 axb5 21.Bxc3 Qxc3
22.Qxb5 Qc5+ 23.Qxc5+ Nxc5 24.Rc1 Ncd7 25.Rc4 Ra8 26.a4 Nd5 27.Ra1 Ne5 28.Rh4 h6
29.a5 Nc6 30.a6 Ra7 31.Raa4 Nb8 32.b4 Rxa6 33.b5 Rb6 34.Ra5 Nd7 35.Rc4 Rb7
36.Rca4 Nc7 37.Rb4 Rb6 38.Kf2 Ne5 39.Ra7 Nd3+  0-1

[Event "WY BU16 2012"]
[Site "Maribor SLO"]
[Date "2012.11.17"]
[Round "10.35"]
[White "Semianiuk,K"]
[Black "Benidze,G"]
[Result "1/2-1/2"]
[WhiteElo "2102"]
[BlackElo "1965"]

1.e4 c5 2.Nf3 d6 3.Bb5+ Bd7 4.Bxd7+ Qxd7 5.c4 g6 6.d4 cxd4 7.Nxd4 Bg7 8.Nc3 Nc6
9.Be3 Rc8 10.b3 Nf6 11.f3 O-O 12.O-O a6 13.Qd2 Qd8 14.Rac1 Qa5 15.Rfd1 Rfd8
16.Nxc6 bxc6 17.Qf2 Nd7 18.Na4 c5 19.Kh1 Ne5 20.Bd2 Qc7 21.Bc3  1/2-1/2

[Event "WY BU14 2012"]
[Site "Maribor SLO"]
[Date "2012.11.17"]
[Round "10.19"]
[White "Cori Quispe,Kevin"]
[Black "Williams,Justus D"]
[Result "1/2-1/2"]
[WhiteElo "2073"]
[BlackElo "2230"]

1.e4 c5 2.Nf3 d6 3.Bb5+ Nd7 4.d4 Nf6 5.Nc3 a6 6.Bxd7+ Nxd7 7.O-O e6 8.Bg5 Qc7
9.a4 cxd4 10.Qxd4 Ne5 11.Rfd1 Bd7 12.Bh4 Rc8 13.Nd2 h5 14.Nf1 Nc4 15.Ne2 f6
16.h3 e5 17.Qc3 Qb6 18.Ra2 g5 19.Bg3 h4 20.Bh2 g4 21.a5 Qb5 22.Rd5 Rc5 23.b3 Nxa5
24.Rxc5 dxc5 25.Rxa5 Qxe2 26.hxg4 Qxg4 27.Bxe5 Rg8 28.Ne3 Qxe4 29.Bxf6 h3
30.Qe5+ Qxe5 31.Bxe5 Bh6 32.g3 Bxe3 33.fxe3 Ke7 34.Rxc5 Bc6 35.Kh2 Bg2 36.Bf4 Ke6
37.e4 Rd8 38.Re5+ Kf6 39.g4 Rd1 40.g5+ Kf7 41.Rf5+ Kg7 42.e5 Be4 43.Rf6 Rh1+
44.Kg3 Bxc2 45.Rd6 Rd1 46.Rxd1 Bxd1 47.b4 Bb3 48.Kxh3 Kg6 49.Kg4 Be6+ 50.Kf3 Kf5
51.Ke3 Bf7  1/2-1/2

[Event "TCh-FIN SM 2012-13"]
[Site "Salo FIN"]
[Date "2012.11.17"]
[Round "6.6"]
[White "Hynninen,J"]
[Black "Toivola,J"]
[Result "1/2-1/2"]
[WhiteElo "2194"]
[BlackElo "2230"]

1.e4 c5 2.Nf3 d6 3.Bb5+ Nc6 4.Bxc6+ bxc6 5.O-O Bg4 6.e5 d5 7.h3 Bxf3 8.Qxf3 e6
9.d3 Ne7 10.Bg5 Qc7 11.Bxe7 Bxe7 12.Qe2 O-O 13.Nd2 Rab8 14.b3 Qa5 15.f4 Qc3
16.Nf3 c4 17.dxc4 dxc4 18.Qd2 Qb2 19.Rfb1 Qa3 20.Qc3 cxb3 21.axb3 Qc5+ 22.Qxc5 Bxc5+
23.Kf1 Rfd8 24.Ra4 Rb4 25.Rba1 Rxa4 26.Rxa4 Bb6 27.Rc4 c5 28.Ke2 f6 29.exf6 gxf6
30.Rc3 Kf7 31.Rd3 Rd5 32.g4 Ke7 33.f5 Rxd3 34.Kxd3 exf5 35.gxf5 Kd6 36.Ke4 Ba5
37.Nh2 Bd2 38.Nf3 Ba5 39.Nh2 Be1 40.Ng4 Bc3 41.Ne3 Kc6 42.Nd5 Be5 43.Ne3 Bc3
44.Ng4 Bd4 45.Nh2 Kb5 46.Nf3 Bc3 47.Kd3 Kb4 48.Ng1 a5 49.Ne2 Be5 50.Nc1 c4+
51.bxc4 a4 52.c3+ Kc5 53.Na2 a3 54.Nc1 Bf4 55.Na2 Kd6 56.Kd4 Be5+ 57.Kd3 Bf4
58.Kd4 Be5+ 59.Kd3 Bf4 60.Kd4  1/2-1/2

[Event "TCh-FIN SM 2012-13"]
[Site "Sastamala FIN"]
[Date "2012.11.17"]
[Round "6.6"]
[White "Alho,S"]
[Black "Paakkonen,T"]
[Result "0-1"]
[WhiteElo "2144"]
[BlackElo "2283"]

1.e4 c5 2.Nf3 d6 3.Bb5+ Bd7 4.Bxd7+ Qxd7 5.c4 g6 6.O-O Bg7 7.d4 cxd4 8.Nxd4 Nc6
9.Be3 Nf6 10.f3 O-O 11.Nc3 Rac8 12.b3 a6 13.a4 e6 14.Qd2 Rfd8 15.Rfd1 Qc7
16.Rac1 Qa5 17.Nce2 Qxd2 18.Rxd2 Nxd4 19.Bxd4 Bh6 20.f4 Nxe4 21.Rd3 e5 22.Bb6 Re8
23.Rf1 f5 24.fxe5 Rxe5 25.Nf4 Bxf4 26.Rxf4 h5 27.Rf1 Rc6 28.Bd4 Re7 29.Bb2 Kf7
30.h3 Ke6 31.g4 hxg4 32.hxg4 Rcc7 33.Rd5 Rf7 34.Re1 Rh7 35.Ba3 Rcd7 36.Kg2 Rh4
37.g5 Rdh7 38.Rxd6+ Ke5 39.Rd5+ Kf4 40.Bc1+ Kg4 41.Rg1 Rh3 42.Kf1+ Rg3 43.Rd4 Rh2
44.Rxg3+ Kxg3 45.Be3 Rh1+ 46.Ke2 Rb1 47.Bd2 Rxb3 48.Be1+ Kg4  0-1